Football General Knowledge #1 - Statistics

General Stats
  • This quiz has been taken 21 times
  • The average score is 10 of 15
Answer Stats
Hint Answer % Correct
player who won 7 ballon d'ors Lionel Messi
100%
national team that lost the 2010 world cup final Netherlands
95%
player who scored 8 goals in 2022 world cup Killian Mbappe
90%
player who won the world cup 3 times Pele
90%
team that won the most europa league Sevilla
90%
national team who beat the above in that final Spain
90%
player who scored a bicycle kick against juventus in champions league Cristiano Ronaldo
85%
team that won 7 champions Milan
80%
team that beat real madrid (intercontinental) in 2000 Boca
65%
player who won the ballon d'or in 2001 Michael Owen
60%
team who won champions league in 1993 Marseille
55%
player who scored ''la mano de dios'' Diego Maradona
50%
player who scored 2 goals in a libertadores final and 2 goals in a champions league one Hernan Crespo
15%
team that won 7 libertadores Independiente
15%
coach who won 2 libertadores with river Marcelo Galllardo
15%
No matching quizzes found
Score Distribution
Percent of People with Each Score
Percentile by Number Answered
Your Score History
You have not taken this quiz